9th International conference on currency, banking, and international finance

V dňoch 20. a 21. septembra 2016 sa konala 9. medzinárodná vedecká konferencia Mena, bankovníctvo a medzinárodné financie na tému Výzvy finančného sektora krajín SVE pri prekonávaní problémov ekonomickej integrácie v EÚ.

Gespeichert in:
Bibliographische Detailangaben
1. Verfasser: Kotlebová, Jana, 1969-
Format: Buchkapitel
Sprache:Slowakisch
Schlagworte:
Tags: Tag hinzufügen
Keine Tags, Fügen Sie das erste Tag hinzu!

MARC

LEADER 00000naa a2200000 4500
001 0223934
005 20240612105859.1
041 0 |a slo 
044 |a SK 
245 1 0 |a 9th International conference on currency, banking, and international finance  |c Jana Kotlebová 
520 |a V dňoch 20. a 21. septembra 2016 sa konala 9. medzinárodná vedecká konferencia Mena, bankovníctvo a medzinárodné financie na tému Výzvy finančného sektora krajín SVE pri prekonávaní problémov ekonomickej integrácie v EÚ. 
610 2 0 |a konferencie 
610 2 0 |a Slovensko 
610 2 0 |a bankovníctvo 
610 2 0 |a mena 
610 2 0 |a financie medzinárodné 
610 2 0 |a SVE 
610 2 0 |a integrácia ekonomická medzinárodná 
100 1 |a Kotlebová, Jana, 1969-